000 00876nam a2200265Ia 4500
003 OSt
005 20220926023426.0
006 a|||||r|||| 00| 0
007 ta
008 220923b |||||||| |||| 00| 0 eng d
020 _a0333920757
_cPd 26.99
037 _b9889, 13/09/2001, SBD
_cGeneral Book
040 _aRTL
_cRTL
_beng
041 _2eng
_aeng
082 _aX9:(B), P1
100 _aSwift Louise
_9329068
245 0 _aQuantitative methods for business management and
250 _aEd 2nd
260 _aNewyork
_bPalgrave
_c2001
300 _axiv,861p.
_ccm.
490 _aPublished Previously As Mathematics And Statistics For Business, Management And Statistics For Business, Management And Finance
650 _aIndustrial Economy
942 _hX9:(B), P1
_cGB
_2CC
999 _c641600
_d641600